Central Library OPAC University of Rajshahi

The American Presidency : (Record no. 6043)

MARC details
000 -LEADER
fixed length control field 00640nam a2200217 a 4500
001 - CONTROL NUMBER
control field 6043
003 - CONTROL NUMBER IDENTIFIER
rucl marc code BD RJUL
005 - DATE AND TIME OF LATEST TRANSACTION
control field 20211208234156.0
008 - FIXED-LENGTH DATA ELEMENTS--GENERAL INFORMATION
fixed length control field 160820m19401962enk 001 0 eng
035 ## - SYSTEM CONTROL NUMBER
System control number (BD-RjUL)6082
040 ## - CATALOGING SOURCE
Original cataloging agency DLC
Transcribing agency GZW
Modifying agency BD RJUL
Language of cataloging eng
041 ## - LANGUAGE CODE
Language code of text/sound track or separate title eng
082 ## - DEWEY DECIMAL CLASSIFICATION NUMBER
Classification number 352.23
Author mark and year LAA 1962
Edition number 23
100 ## - MAIN ENTRY--PERSONAL NAME
Personal name Laski, Harold Joseph,
9 (RLIN) 128424
245 14 - TITLE STATEMENT
Title The American Presidency :
Remainder of title an interpretation /
Statement of responsibility, etc. Harold J. Laski.
260 ## - PUBLICATION, DISTRIBUTION, ETC. (IMPRINT)
Place of publication, distribution, etc. London :
Name of publisher, distributor, etc. George Allen & Unwin,
Date of publication, distribution, etc. 1940 [Impression 1962]
300 ## - PHYSICAL DESCRIPTION
Pagination 286 p. ;
Size 20 cm.
500 ## - GENERAL NOTE
General note Includes index.
650 #0 - SUBJECT ADDED ENTRY--TOPICAL TERM
Topical term or geographic name as entry element Executive power
Geographic subdivision United States
9 (RLIN) 130347
942 ## - ADDED ENTRY ELEMENTS (KOHA)
Source of classification or shelving scheme Dewey Decimal Classification
Koha item type Books
Holdings
Lost status Source of classification or shelving scheme Damaged status Not for loan Collection code Permanent Location Current Location Shelving location Date acquired Source of acquisition Cost, normal purchase price Total Checkouts Full call number Date last seen Copy number Koha item type
  Dewey Decimal Classification     Non-fiction Central Library, University of Rajshahi Central Library, University of Rajshahi   18/09/1968 Zeitlinger 18.00   352.23 LAA 1962 15/01/2014 C-2 Books
  Dewey Decimal Classification     Non-fiction Central Library, University of Rajshahi Central Library, University of Rajshahi   28/02/1967 Be. books 14.58   352.23 LAA 1962 15/01/2014 C-3 Books
  Dewey Decimal Classification     Non-fiction Central Library, University of Rajshahi Central Library, University of Rajshahi   18/04/1968 Zeitlinger 18.00   352.23 LAA 1962 20/08/2016 C-4 Books
  Dewey Decimal Classification     Non-fiction Central Library, University of Rajshahi Central Library, University of Rajshahi   18/04/1968 Zeitlinger 18.00   352.23 LAA 1962 20/08/2016 C-5 Books
  Dewey Decimal Classification     Non-fiction Central Library, University of Rajshahi Central Library, University of Rajshahi   02/11/1968 Zeitlinger 18.00   352.23 LAA 1962 20/08/2016 C-6 Books
  Dewey Decimal Classification     Non-fiction Central Library, University of Rajshahi Central Library, University of Rajshahi   18/04/1968 Zeitlinger 18.00   352.23 LAA 1962 20/08/2016 C-7 Books
  Dewey Decimal Classification     Non-fiction Central Library, University of Rajshahi Central Library, University of Rajshahi   02/11/1968 Zeitlinger 18.00   352.23 LAA 1962 20/08/2016 C-8 Books
  Dewey Decimal Classification     Non-fiction Central Library, University of Rajshahi Central Library, University of Rajshahi   18/04/1968 Zeitlinger 18.00   352.23 LAA 1962 20/08/2016 C-9 Books
  Dewey Decimal Classification     Non-fiction Central Library, University of Rajshahi Central Library, University of Rajshahi   18/04/1968 Zeitlinger 18.00   352.23 LAA 1962 20/08/2016 C-10 Books
  Dewey Decimal Classification   Not For Loan Non-fiction Central Library, University of Rajshahi Central Library, University of Rajshahi   18/04/1968 Zeitlinger 18.00   352.23 LAA 1962 20/08/2016 C-1 Books